000
00316nam a2200109Ia 4500
008
171204s9999 xx 000 0 und d
245
_a
Forensic Photography: A Practitioner's Guide:
245
_c
Nick Marsh
260
_c
2014
650
_x
DIGITAL PHOTOGRAPHY
856
_u
http://down.ebook777.com/040/1119975824.pdf
999
_c
346057
_d
346057